000 00647nam a22002177a 4500
003 dpl
005 20180910130327.0
008 180907b xxu||||| |||| 00| 0 eng d
010 _aB-162050
020 _a8188043079
_c150.00
035 _aB-162050
040 _aDPL
_bEN
_c0
082 _a181.4
_bMAN
100 _aMangla, Dharam Vir
245 _aMiraculous saints & yogis/
_cby Dharam vir mangla
260 _aDelhi
_bWinsome Books India
_c2004
270 _a209, F-17, Harsha Complex, Subhash Chowk, Laxmi Nagar
_b Delhi
_e110092
300 _a119 p.;
_c18 cm.
700 _aGupta, Raju
942 _2ddc
_cEN
_h181.4
_mMAN
999 _c157131
_d157131